UBT Library

Preventing deadly conflict (Record no. 466)

000 -LEADER
fixed length control field 00843nam a22002297a 4500
008 - FIXED-LENGTH DATA ELEMENTS--GENERAL INFORMATION
fixed length control field 140523b xxu||||| |||| 00| 0 eng d
041 0# - LANGUAGE CODE
Language code of text/sound track or separate title eng
080 ## - UNIVERSAL DECIMAL CLASSIFICATION NUMBER
Universal Decimal Classification number 355.01
110 2# -
-- Carnegie Commission on Preventing Deadly Conflict.
245 10 - TITLE STATEMENT
Title Preventing deadly conflict
Statement of responsibility, etc Carnegie Commission on Preventing Deadly Conflict.
260 ## -
-- New York :
-- Carnegie Corp. of New York,
-- 1997.
300 ## -
-- 257 f.:
-- me il.;
-- 27 cm.
500 ## -
-- Preface: f. XI-XV
500 ## -
-- Selected Bibliography: f. 222-242
505 ## -
-- Index: f. 243-257
520 ## -
-- Executive Summary: f. XVII-XVIII
650 #0 -
-- Dhuna në politikë
-- Mbrojtja
650 #0 -
-- Menaxhimi i konflikteve
650 #0 -
-- E drejta ndërkombëtare
650 #0 -
-- Marrëdhëniet ndërkombëtare
942 ## - ADDED ENTRY ELEMENTS (KOHA)
Source of classification or shelving scheme
Item type Books
Holdings
Withdrawn status Lost status Source of classification or shelving scheme Damaged status Not for loan Collection code Permanent location Current location Shelving location Date acquired Total Checkouts Full call number Barcode Date last seen Koha item type
          Koleksioni i përgjithshem UBT - Prishtine UBT - Prishtine Koleksioni i përgjithshem 05/23/2014   355.01 PRE 001-000566 05/23/2014 Books
UBT Library © 2015-2024. All rights reserved University Education for Business and Technology